<?xml version="1.0" encoding="UTF-8"?>
<record
    xmlns:xsi="http://www.w3.org/2001/XMLSchema-instance"
    xsi:schemaLocation="http://www.loc.gov/MARC21/slim http://www.loc.gov/standards/marcxml/schema/MARC21slim.xsd"
    xmlns="http://www.loc.gov/MARC21/slim">

  <leader>00901nam a2200229Ia 4500</leader>
  <controlfield tag="008">230916s9999    xx            000 0 und d</controlfield>
  <datafield tag="020" ind1=" " ind2=" ">
    <subfield code="a">97896251324649625132465</subfield>
  </datafield>
  <datafield tag="041" ind1=" " ind2=" ">
    <subfield code="a">chi</subfield>
    <subfield code="h">eng</subfield>
  </datafield>
  <datafield tag="050" ind1=" " ind2=" ">
    <subfield code="a">BS2651 </subfield>
    <subfield code="b">.B78 2002</subfield>
  </datafield>
  <datafield tag="100" ind1=" " ind2=" ">
    <subfield code="a">Bruce, Frederick F. </subfield>
  </datafield>
  <datafield tag="245" ind1=" " ind2="0">
    <subfield code="a">&#x4F7F;&#x5F92;&#x4FDD;&#x7F85;&#x8207;&#x4FDD;&#x7F85;&#x795E;&#x5B78;</subfield>
    <subfield code="b"> /</subfield>
    <subfield code="c">&#x5F17;&#x96F7;&#x5FB7;&#x91CC;&#xB7;&#x5E03;&#x9B6F;&#x65AF; (Frederick F. Bruce) , &#x7D04;&#x7FF0;&#xB7;&#x97CB;&#x4F2F;&#x65AF;&#x7279; (John H. Webster) , &#x7D04;&#x7FF0;&#xB7;&#x683C;&#x65AF;&#x7D0D; (John H. Gerstner) &#x8457;; &#x9673;&#x79C0;&#x5A9A;&#x8B6F;</subfield>
  </datafield>
  <datafield tag="246" ind1=" " ind2=" ">
    <subfield code="a">&#x4F7F;&#x5F92;&#x4FDD;&#x7F57;&#x4E0E;&#x4FDD;&#x7F57;&#x795E;&#x5B66;</subfield>
    <subfield code="b"> /</subfield>
  </datafield>
  <datafield tag="260" ind1=" " ind2=" ">
    <subfield code="a">&#x9999;&#x6E2F; : </subfield>
    <subfield code="b">&#x570B;&#x969B;&#x8056;&#x7D93;&#x5354;&#x6703;,</subfield>
    <subfield code="c">2002</subfield>
  </datafield>
  <datafield tag="300" ind1=" " ind2=" ">
    <subfield code="a">136 p.</subfield>
    <subfield code="b">;</subfield>
    <subfield code="c">19 cm.</subfield>
  </datafield>
  <datafield tag="490" ind1=" " ind2=" ">
    <subfield code="a">&#x570B;&#x969B;&#x8056;&#x7D93;&#x767E;&#x79D1;&#x5168;&#x66F8; </subfield>
  </datafield>
  <datafield tag="500" ind1=" " ind2=" ">
    <subfield code="a">Translation of : Paul the Apostle and Pauline Theology.</subfield>
  </datafield>
  <datafield tag="650" ind1=" " ind2=" ">
    <subfield code="a">Paul, the Apostle, Saint.Paul, the Apostle, Saint -- Theology.</subfield>
  </datafield>
  <datafield tag="700" ind1=" " ind2=" ">
    <subfield code="a">Gerstner, John H. </subfield>
  </datafield>
  <datafield tag="700" ind1=" " ind2=" ">
    <subfield code="a">Webster, John H. </subfield>
  </datafield>
  <datafield tag="700" ind1=" " ind2=" ">
    <subfield code="a">&#x5F17;&#x96F7;&#x5FB7;&#x91CC;&#xB7;&#x5E03;&#x9B6F;&#x65AF;&#x9673;&#x79C0;&#x5A9A;</subfield>
  </datafield>
  <datafield tag="999" ind1=" " ind2=" ">
    <subfield code="c">48038</subfield>
    <subfield code="d">48038</subfield>
  </datafield>
</record>
